zpět

Detail výsledku týmu

Baarovka, České Budějovice

Datum a čas kvízu

21 Celkem bodů Celkový počet nahraných bodů na tomto kvízu bez doplňovacích otázek.
12. Pořadí na kvízu Konečné umístění týmu na tomto kvízu.

Zaznamenané odpovědi

# Otázka Odpověď Body Výsledky
1. Jak se jmenuje stránka na česk... Wikipedia 1
2. Prezident Kazachstánu, který b... Nursultan Nazarbajev 0
3. V pražském Rudolfinu byly v so... Všechno bude 0
4. Novou odrůdu meruněk jménem So... šarka 0
5. Na programu ČT sport jsme mohl... v Japonsku 0
6. Dnešní cestovatelské téma se b... Córdoba 1
7. Jak se jmenuje velmi známý špa... Luis Buñuel 0
8. Když si vzpomenete na jednu zn... Malagelo 0
9. Nad městem Granada se vypíná h... Alhambra 0
10. Na obrázku vidíte radnici v př... Juan Carlos I. 1